| 000 | 00366nam a22001457a 4500 | ||
|---|---|---|---|
| 003 | macl | ||
| 005 | 20180407165020.0 | ||
| 008 | 180407b xxu||||| |||| 00| 0 eng d | ||
| 040 | _cmacl | ||
| 100 |
_aNiranjan Chakma _971798 |
||
| 245 | _aChakma Folk and Modern Literature | ||
| 260 |
_aDelhi _bSahitya Acadmi _c2013 |
||
| 650 |
_aLiterature _971799 |
||
| 942 |
_2ddc _cBK |
||
| 999 |
_c57551 _d57551 |
||